|
|
|
|
| LEADER |
00000nab a2200000 a 4500 |
| 001 |
vtls000304611 |
| 003 |
SK-MaSNL |
| 005 |
20260318140853.0 |
| 008 |
230223c1988 xo 0 eng |
| 015 |
|
|
|a SNBRB19rr/mm-uuuuu
|
| 035 |
|
|
|a CL0314730
|
| 035 |
|
|
|a urn:nbn:sk:snk-abbhp6
|
| 035 |
|
|
|a (urnnbn)urn:nbn:sk:snk:ar-006jbc
|
| 035 |
|
|
|a (uuid)9fc69238-2441-44c0-9f49-3119beaefb13
|
| 040 |
|
|
|a SNKBUCL
|b slo
|c SNKBUCL
|e AACR2
|
| 041 |
0 |
|
|a eng
|
| 044 |
|
|
|a xo
|c SK
|
| 080 |
|
|
|a 519.17
|2 1981
|
| 100 |
1 |
|
|a Zelinka, Bohdan,
|d 1940-2005
|4 aut
|9 116674
|
| 245 |
1 |
0 |
|a Locally snake-like graphs
|c Bohdan Zelinka
|
| 300 |
|
|
|b Obr. 2. Res. rus., lit. 6 zázn. v češ., angl.
|
| 650 |
0 |
7 |
|a grafy vlnito-zhodné
|2 snkbucl
|9 1180794
|
| 655 |
|
7 |
|a články z novín a časopisov
|2 snkbucl
|9 267496
|
| 773 |
0 |
|
|t Mathematica slovaca
|g Roč. 38, č. 1 (1988), s. 85-88.
|
| 850 |
|
|
|a Slovenská národná knižnica v Martine
|a MTA001
|
| 852 |
|
|
|a SNK
|b KIS3GCP
|
| 958 |
|
|
|a OND
|
| 958 |
|
|
|a NB
|
| 958 |
|
|
|a RK
|
| 958 |
|
|
|a EUIPO
|
| 958 |
|
|
|a article15
|
| 992 |
|
|
|a RBX
|
| 999 |
|
|
|c 2045950
|d 2047880
|